000 005590000a22001810004500
090 _aAR
_b03527
245 1 0 _aMateriaux pour la connaissance des Proscopiidae (Orthoptera)
650 1 4 _aEntomología
_94483
650 1 4 _aTaxonomía animal
_98245
650 1 4 _aColecciones biológicas
_94146
650 1 4 _aNuevas especies
_992905
650 1 4 _aMorfometría
_993191
653 _fProscopiidae
041 0 _aFrancés
100 1 _aAnna, Liliana
_997145
942 _cARTICULO
773 1 _tMitteilangen Hamburg Zoologischen Museum und Institut
_q229-260
_d1980
_g77
999 _c12577
_d12577